| 000 | 00472nam a2200169Ia 4500 | ||
|---|---|---|---|
| 003 | GCL | ||
| 008 | 140319s9999 xx 000 0 ara d | ||
| 040 |
_aGCL / _cGCL |
||
| 082 | 0 | 4 |
_a953.071 _bح ت |
| 100 | 1 | _aحسن مراد | |
| 245 | 1 | 0 |
_aتاريخ العرب فى الاندلس / _cحسن مراد |
| 300 | _a173 ص | ||
| 490 | _a | ||
| 650 | 0 | 4 | _aالاندلس - تاريخ |
| 650 | 0 | 4 | _aالاندلس- تاريخ-العصر الاسلامى |
| 942 |
_2ddc _cBK |
||
| 999 |
_c38917 _d38917 |
||